000 01278nam a22003257a 4500
003 CHAP
005 20220329134223.0
008 971013s1982 r 00010 d
010 _a17174
011 _a18146
035 _a22230
040 _cCHAP
082 _a634.9016
_bJ5
100 0 0 _aJiménez Saa, Humberto.
_961644
245 _aResúmenes de las tesis de grado de magister scientiae presentadas en el Departamento de Recursos Naturales Renovables del CATIE, 1952-1981
260 _aTurrialba :
_bCentro Agronómico Tropical de Investigación y Enseñanza,
_c1982
490 _aSerie bibliotecología y documentación. Bibliografía
_v; 7
590 _aBATCH-UPD
_b10
_c20130110
_lUCH01
_h1618
590 _aBATCH-UPD
_b10
_c20130410
_lUCH01
_h1012
590 _aBATCH-UPD
_b10
_c20130914
_lUCH01
_h0709
590 _aCONVERSION
_b10
_c20130109
_lUCH01
_h1311
650 1 4 _aBosques
_xBibliografía.
_914095
650 1 4 _aRecursos naturales
_xBibliografía.
_995209
650 1 4 _aTesis
_xSumarios.
_9112469
830 0 _aSerie bibliotecología y documentación. Bibliografía
_v; 7
_9104630
901 _aBK
942 _cLIBRO
949 _a634.9016 J5
_bBC
_cC
_d33724000648572
_eC
_fc.2
_h58868
_i22230
_si
949 _a634.9016 J5
_bBC
_cC
_d33724000792503
_eC
_h58867
_i22230
_mD
_si
999 _c17174
_d17174